|
|
|
|
| LEADER |
01164nam a22002777a 4500 |
| 001 |
41217 |
| 003 |
BD-DhAAL |
| 005 |
20230604113439.0 |
| 008 |
230518t2008 ko a|||| |||| 00| 0 kor d |
| 020 |
|
|
|a 9788991830387
|
| 020 |
|
|
|a 8991830382
|
| 040 |
|
|
|a BD-DhAAL
|d BD-DhAAL
|
| 082 |
|
|
|a 658.16
|2 23
|
| 100 |
|
|
|a Seokho, Seonwoo
|9 54284
|
| 245 |
|
|
|a M & A :
|b mergers, purchases and restructuring /
|c Seonwoo Seokho.
|
| 260 |
|
|
|a Seoul, Korean :
|b Yulgok Publishing House,
|c 2008.
|
| 300 |
|
|
|a xvi, 659 pages :
|b chart, illustrations :
|c 26 cm.
|
| 500 |
|
|
|a index included.
|
| 541 |
|
|
|a Complimentary copy from Dr. Sang Hoon Lee, Dean of Brac Business School, Brac University
|e 41217
|
| 650 |
|
|
|a Organizational change
|x Management
|
| 650 |
|
|
|a Corporate reorganizations
|z United States
|x Management.
|9 54442
|
| 650 |
|
|
|a Organizational change
|z United States
|x Management.
|9 54443
|
| 852 |
|
|
|a Ayesha Abed Library
|c General Stacks
|
| 942 |
|
|
|2 ddc
|c BK
|
| 999 |
|
|
|c 45776
|d 45776
|
| 952 |
|
|
|0 0
|1 0
|2 ddc
|4 0
|6 658_160000000000000_SEO
|7 0
|9 73654
|a BRACUL
|b BRACUL
|c GEN
|d 2023-05-18
|e Complimentary copy from Dr. Sang Hoon Lee
|l 0
|o 658.16 SEO
|p 3010041217
|r 2023-05-18
|t 1
|w 2023-05-18
|y BK
|